Continuum theory : an introduction
Αποθηκεύτηκε σε:
| Κύριος συγγραφέας: | |
|---|---|
| Μορφή: | Βιβλίο |
| Γλώσσα: | English |
| Δημοσίευση: |
New York :
M. Dekker,
c1992
|
| Σειρά: | Monographs and textbooks in pure and applied mathematics ;
; 158 |
| Θέματα: | |
| Ετικέτες: |
Προσθήκη ετικέτας
Δεν υπάρχουν, Καταχωρήστε ετικέτα πρώτοι!
|
MARC
| LEADER | 00000cam a2200000 i 4500 | ||
|---|---|---|---|
| 001 | 1/53480 | ||
| 008 | 941103s1992 eng d | ||
| 020 | |a 0824786599 | ||
| 035 | |l 10044719 | ||
| 040 | |a GR-MY-UA |b gre |e aacr | ||
| 041 | 0 | |a eng | |
| 082 | 0 | |a 514.32 |2 (20) | |
| 100 | 1 | |a Nadler, Sam B. | |
| 245 | 1 | 0 | |a Continuum theory : |b an introduction / |c Sam B. Nadler, Jr |
| 260 | |a New York : |b M. Dekker, |c c1992 | ||
| 300 | |a xii, 328 p.; |b ill.; |c 24 cm | ||
| 490 | 1 | |a Monographs and textbooks in pure and applied mathematics |v ; 158 | |
| 504 | |a Includes bibliographical references and index | ||
| 650 | 0 | 0 | |a Continuum (Mathematics) |
| 830 | 0 | |a Monographs and textbooks in pure and applied mathematics ; |v ; 158 | |
| 852 | |a INST |b SAMOS |e 19941103 |h 514.32 NAD |p 005300007609 |q 005300007609 |t BK |y 0 | ||
| 909 | |a Σ |b 030249 | ||